000 00583nam a22002177a 4500
001 00027994
005 20260128085921.0
008 260128b ag ||||| |||| 00| 0 spa d
020 _a9501705099
040 _aAR-CcCEOS
_bspa
_cAR-CcCEOS
041 _aspa
080 _a133
090 _bHIT
100 1 _aHitchcock, Helyn
_9284
245 _aNumerología :
_bportal del destino /
_cHelyn Hitchcock
250 _a1ª ed.
260 _aBuenos Aires :
_bKier,
_c2005.
300 _a224 p. ;
_c24x14 cm.
655 0 _anumerología
_vciencias ocultas
_9285
942 _2udc
_cBK
_n0
999 _c28005
_d28005